BUBT Library Online Catalog

The Dynamic Earth: an introduction to physical geology. (Record no. 473)

000 -LEADER
fixed length control field 00812nam a22002777a 4500
008 - FIXED-LENGTH DATA ELEMENTS--GENERAL INFORMATION
fixed length control field 130617b xxu||||| |||| 00| 0 eng d
020 ## - INTERNATIONAL STANDARD BOOK NUMBER
International Standard Book Number 0-471-16118-7
024 ## - OTHER STANDARD IDENTIFIER
Terms of availability Available
037 ## - SOURCE OF ACQUISITION
Terms of availability Available
040 ## - CATALOGING SOURCE
Original cataloging agency MBSTU LIBRARY
Modifying agency MBSTU LIBRARY
082 ## - DEWEY DECIMAL CLASSIFICATION NUMBER
Edition number 22
Classification number 550 SKD
100 ## - MAIN ENTRY--PERSONAL NAME
Personal name Skinner, Brijan J.
110 ## - MAIN ENTRY--CORPORATE NAME
Corporate name or jurisdiction name as entry element Stephen C Porter.
245 ## - TITLE STATEMENT
Title The Dynamic Earth: an introduction to physical geology.
250 ## - EDITION STATEMENT
Edition statement 4th
260 ## - PUBLICATION, DISTRIBUTION, ETC. (IMPRINT)
Place of publication, distribution, etc. New Delhi
Name of publisher, distributor, etc. John Wiley and Sons.
Date of publication, distribution, etc. 2000
300 ## - PHYSICAL DESCRIPTION
Extent 28 cm.
Other physical details xxi, 575 page.
Type of unit 2
Size of unit 28 cm.
600 ## - SUBJECT ADDED ENTRY--PERSONAL NAME
Source of heading or term Physical geology.
650 ## - SUBJECT ADDED ENTRY--TOPICAL TERM
Source of heading or term Physical geology.
700 ## - ADDED ENTRY--PERSONAL NAME
Personal name MSkinner, Brijan J.
710 ## - ADDED ENTRY--CORPORATE NAME
Corporate name or jurisdiction name as entry element Stephen C Porter.
270 ## - ADDRESS
Address New Delhi
City New Delhi.
Country ndia
365 ## - TRADE PRICE
Price amount 9980.00
Unit of pricing 9980.00
942 ## - ADDED ENTRY ELEMENTS (KOHA)
Source of classification or shelving scheme
Koha item type Books

No items available.

More Information About Library

Library Hours

  • Open: 9.00 am. to 9.00 pm.
  • Only Sunday: 9.00 am. to 6.00 pm.
  • Closed: Holiday

Contact to the University

Bangladesh University of Business and Technology Library

  • Mirpurl-2, 1216.
  • Phone:
  • Fax:
  • E-Mail: admin.library@bubt.edu.bd

Contact to the Library

Contact Person:

Md. Abdul Hakim Shah
Joint Librarian
PABX No:  113
Cell No: 01816332931
E-mail: official: admin.library@bubt.edu.bd
Personal: hakim.shah@bubt.edu.bd


BUBT Library

Copyright © 2021